Το πέταγμα του στιλέτου
Αποθηκεύτηκε σε:
| Κύριος συγγραφέας: | |
|---|---|
| Μορφή: | Βιβλίο |
| Γλώσσα: | Greek Spanish |
| Δημοσίευση: |
Αθήναι :
Ίνδικτος,
2003.
|
| Σειρά: | Λογοτεχνία της Ινδίκτου ;
50 |
| Θέματα: | |
| Ετικέτες: |
Προσθήκη ετικέτας
Δεν υπάρχουν, Καταχωρήστε ετικέτα πρώτοι!
|
MARC
| LEADER | 00000cam a2200000 a 4500 | ||
|---|---|---|---|
| 001 | 1/124374 | ||
| 008 | 220214s2003####gr | ||| |||| ||gre|| | ||
| 020 | |a 9605181592 | ||
| 040 | |a GR-MyUa |b gre |c GR-MyUa |e AACR2 | ||
| 041 | 1 | |a gre |h spa | |
| 082 | 7 | |a 863 |2 (23) | |
| 100 | 1 | |a Fuente del Pilar, José Javier, |d 1955- | |
| 245 | 1 | 3 | |a Το πέταγμα του στιλέτου / |c Χοσέ Χαβιέρ Φουέντε δελ Πιλάρ ; μετάφραση: Μανώλης Παπαδολαμπάκης. |
| 260 | |a Αθήναι : |b Ίνδικτος, |c 2003. | ||
| 300 | |a 314 σ. ; |c 21 εκ. | ||
| 490 | 1 | |a (Λογοτεχνία της Ινδίκτου ; |v 50) | |
| 500 | |a Τίτλος πρωτοτύπου: El vuelo de la navaja. | ||
| 650 | 0 | |a Spanish fiction. | |
| 830 | 0 | |a Λογοτεχνία της Ινδίκτου ; |v 50 | |
| 970 | |a Κοντού |b Παρασκευή |z 14/02/2022 | ||